000 00739nam a22002417a 4500
001 104300
003 UA-OsUOA
005 20211109224849.0
007 ta
008 20131211b un ||||| |||| 00| 0 ukr d
020 _a5-250-01174-8
040 _aUA-OsUOA
_brus
_cUA-OsUOA
_dUA-OsUOA
041 _arus
080 _a94(47+57)
090 _a94(47+57)
_bМ63
245 _aМир, которого хотели и которий ненавидели
_bдокументальный репортаж
260 _aМ.
_bИзд. политической литературы
_c1991
300 _a416 с.
650 7 _a94 Історія
_2UDC
942 _cBK
_2udc
955 _a2
999 _c389609
_d389609